Every Class 1 Utah Senator - Statistics

General Stats
  • This quiz has been taken 20 times
    7 since last reset
  • The average score is 4 of 10
Answer Stats
Picture Hint Answer % Correct
R(2025-) John Curtis
100%
R(2019-2025) Mitt Romney
100%
R(1977-2019) Orrin Hatch
100%
D(1959-1977) Frank E. Moss
50%
R(1947-1959) Arthur V. Watkins
0%
SR(1896-1899) Frank J. Cannon
0%
R(1905-1917) George Sutherland
0%
D(1941-1947) O. Abram Murdock Jr.
0%
R(1901-1905) Thomas Kearns
0%
D(1917-1941) William H. King
0%
No matching quizzes found
Score Distribution
Percent of People with Each Score
Percentile by Number Answered
Your Score History
You have not taken this quiz since the last reset